Son değişiklikler ve açıklamalarla sosyal sigortalar ve genel sağlık sigortası kanunu : (Record no. 13563)

MARC details
000 -BAŞLIK
Sabit Uzunlukta Kontrol Alanı 00996nam a22002657a 4500
999 ## - SİSTEM KONTROL NUMARALARI (KOHA)
Koha Biblionumber 13563
Koha Biblioitemnumber 13563
003 - KONTROL NUMARASI IDENTIFIER
Denetim Alanı MIRAKIL
005 - SON İŞLEM TARİHİ VE ZAMANI
Denetim Alanı 20191023135859.0
008 - SABİT-BOY VERİ ELEMANLARI - GENEL BİLGİLER
Sabit Uzunlukta Kontrol Alanı 191023b tu ||||| |||| 00| 0 tur d
020 ## - ULUSLARARASI STANDART KİTAP NUMARASI
Uluslararası Standart Kitap Numarası 9786051680217
040 ## - KATALOGLAMA KAYNAK
Orijinal Kataloglama Ajansı TR-AnCHP
Kataloglama Dili tur
Metne Dönüştürmek Ajansı TR-AnCHP
041 ## - DİL KODU
Metin / Ses Parça Veya Ayrı Başlığın Dil Kodu tur
082 ## - DEWEY ONLU SINIFLANDIRMA NUMARASI
Sınıflandırma Numarası 344.0202632
Ürün Numarası G96s 2015
100 ## - ANA GİRİŞ - KİŞİSEL İSİM
Kişisel Ad Gürsel, Eriş
245 ## - BAŞLIK TABLOSU
Başlık Son değişiklikler ve açıklamalarla sosyal sigortalar ve genel sağlık sigortası kanunu :
Başlığın Kalan Önemli yönetmelikler kod ve aylık bağlama cetvelleri /
Sorumluluk Tablosu, Vb Eriş Gürsel, Emre Kışlalı, Erdoğan Kaya.
246 ## - UNVAN FORM VARYING
Başlık Doğru / Kısa Başlığı Önemli yönetmelikler kod ve aylık bağlama cetvelleri
250 ## - EDITION TABLOSU
Baskı Beyanı 2. bs.
260 ## - YAYIN, DAĞITIM, VB
Yayın, Dağıtım, Vb Yeri Ankara:
Yayıncı, Dağıtıcı, Vs Adı Bilge yayınevi,
Yayın, Dağıtım, Vb Tarihi 2015.
300 ## - FİZİKSEL TANIM
Kapsam 639 s.
Diğer Fiziksel Ayrıntıları tbl.,
Boyutlar 24 sm.
490 ## - SERİSİ TABLOSU
Seri Beyanı Hukuk yayınları dizisi;
Hacim / Ardışık Tanımı 318.
650 ## - KONU KATMA GİRİŞ - TOPİKAL DÖNEM
Topikal Süreli Veya Coğrafi Ad Giriş Elemanı Sosyal sigorta
Genel Alt Bölümü Kanunlar
Coğrafi Alt Bölümü Türkiye
700 ## - KATMA GİRİŞ - KİŞİSEL İSİM
9 (RLIN) 6058
Kişisel Ad Kışlalı, Emre
700 ## - KATMA GİRİŞ - KİŞİSEL İSİM
9 (RLIN) 6059
Kişisel Ad Kaya, Erdoğan
740 ## - KATMA GİRİŞ - KONTROLSUZ İLGİLİ / ANALİTİK BAŞLIK
Kontrol Edilmeyen / İlgili Analitik Başlıktaki Önemli yönetmelikler kod ve aylık bağlama cetvelleri
942 ## - EKLENDİ GİRİŞ ELEMANLARI (KOHA)
Sınıflandırma Veya Raf Düzeni Kaynak Dewey Decimal Classification
Koha Öğesi Türü Books
Holdings
Kalıcı Konum Mevcut Konum Edinme Tarihi Toplam Check-Out'Lar Tam Çağrı Numarası Barkod Tarih Son Görülme İtibaren Geçerli Fiyatlar Koha Öğesi Türü
CHP Kütüphanesi CHP Kütüphanesi 10/23/2019   344.0202632 G96s 2015 011830 10/23/2019 10/23/2019 Books